000 00600nam a2200181 i 4500
001 39237
003 ES-MaACL
005 20230906155922.0
007 t|
008 030227s1952 sp ||||1| spa d
100 1 _aCalvo-Sotelo, Joaquín,
_d1905-1993
_933913
245 1 0 _aMaría Antonieta
_b: comedia dramática en tres actos... en prosa /
_cJoaquín Calvo-Sotelo.
260 _aMadrid :
_bSociedad de Autores Españoles,
_c1952 (
_fGráf. Cinema)
300 _a95 p.. ;
_c18 cm.
710 2 _aSociedad de Autores Españoles.
_9171890
852 _aES-MaACL
_jD-8146
999 _c39237
_d39237